000 00415cam a2200157ua 4500
041 _aeng
_h
082 _a030
_bJON/WO
100 _aJones, Morris J.
245 0 0 _aWorld book encyclopaedia, Vol 20 /
_cMorris J Jones.
_hTextual Documents
260 _aChicago :
_bField Enterprise Eduacational Corporation ,
_c1961.
300 _a370 ; .
362 0 _aVol 20-
504 _a
942 _cBK
999 _c9092
_d9092